000 00612nam a22002057a 4500
003 0
005 20251107143805.0
008 251107b xxu||||| |||| 00| 0 eng d
020 _a0-515-13528-3
050 _aPR 6103
_b.C45 2003
100 _aChild, Lee,
_eauthor.
245 _aWithout fail /
_cLee Child.
260 _aNew York, NY :
_bJove Book,
_c2003.
300 _a401 pages ;
_c18 cm.
650 _aSuspense fiction.
650 _aReacher, Jack (Fictitious character)
_xFiction.
650 _aUnited States Secret Service
_xFiction.
650 _aAssassination
_xPrevention
_vFiction.
942 _2lcc
_cBK
999 _c368499
_d368499